Isabelle la Catholique 1451-1504 / (Record no. 142103)

MARC details
000 -LEADER
campo de control de longitud fija 00608nam a2200193 i 4500
001 - NÚMERO DE CONTROL
campo de control 142103
003 - IDENTIFICADOR DE NÚMERO DE CONTROL
campo de control ES-MaACL
005 - FECHA Y HORA DE LA ÚLTIMA TRANSACCIÓN
campo de control 20230906200438.0
007 - CAMPO FIJO DE DESCRIPCIÓN FÍSICA--INFORMACIÓN GENERAL
campo de control de longitud fija t|
008 - DATOS DE LONGITUD FIJA--INFORMACIÓN GENERAL
campo de control de longitud fija 071002s1932 fr a |||| |bfre d
080 ## - NÚMERO DE LA CLASIFICACIÓN DECIMAL UNIVERSAL
Número de la Clasificación Decimal Universal 929 Isabel(460)I
100 1# - ENTRADA PRINCIPAL--NOMBRE DE PERSONA
Nombre de persona Walsh, William Thomas.
9 (RLIN) 115996
245 10 - MENCIÓN DEL TÍTULO
Título Isabelle la Catholique 1451-1504 /
Mención de responsabilidad, etc. W. T. Walsh ; edition française par Henri Carre.
260 ## - PUBLICACIÓN, DISTRIBUCIÓN, ETC.
Lugar de publicación, distribución, etc. Paris :
Nombre del editor, distribuidor, etc. J. Dardaillon,
Fecha de publicación, distribución, etc. 1932.
300 ## - DESCRIPCIÓN FÍSICA
Extensión 412 p. :
Otras características físicas il. ;
Dimensiones 23 cm.
600 04 - PUNTO DE ACCESO ADICIONAL DE MATERIA--NOMBRE DE PERSONA
Nombre de persona Isabel
Numeración I,
Títulos y otros términos asociados al nombre Reina de Castilla-
Subdivisión general Biografías.
9 (RLIN) 65523
700 1# - ENTRADA AGREGADA--NOMBRE PERSONAL
Nombre de persona Carre, Henri.
9 (RLIN) 35595
852 ## - LOCALIZACIÓN
Ubicación ES-MaACL
Número de control de estantería A-3424
Holdings
Estatus retirado Estado de pérdida Estado de daño No para préstamo Biblioteca de origen Biblioteca actual Ubicación en estantería Fecha de adquisición Fuente de adquisición Total de préstamos Signatura topográfica completa Código de barras Visto por última vez Precio de reemplazo Tipo de ítem Koha
        Biblioteca del Ateneo de Madrid Biblioteca del Ateneo de Madrid Sala Pecera Planta 1 17/01/2008     A-3424 1147857 23/02/2023 23/02/2023 Libro impreso